• 首页
  • 本馆介绍
  • 公告通知
  • 最新文献
  • 馆藏检索
  • 电子资源
  • 读者导购
  • 参考咨询
  • 我的图书馆
  • 登录
  • 详细信息显示
  • 放入我的书架
  • 预约/预借图书
  • 作者相关作品
  • 分类相关作品
  • 丛书相关作品
  • 出版社相关作品

书目信息

  • 表格格式
  • 工作单格式
  • 卡片格式
题名:
中国农业菌种目录
    
 
作者: 顾金刚 , 姜瑞波 著 ;中国农业微生物菌种保藏管理中心 编
分册:  
出版信息: 北京   中国农业科学技术出版社  2012.9
页数: 10, 783页
开本: 26cm
丛书名:
单 册:
中图分类: S182-63
科图分类:
主题词: 农业--菌种--目录--中国
电子资源:
ISBN: 978-7-5116-0885-7
000 01045nam0 2200253 45
001 1354535889
005 20130510093813.48
010    @a978-7-5116-0885-7@dCNY98.00
100    @a20130108d2012 em y0chiy50 ea
101 0  @achi
102    @aCN@b110000
105    @ay z 001yy
106    @ar
200 1  @a中国农业菌种目录@AZhong Guo Nong Ye Jun Zhong Mu Lu@e2012年版@E2012 Nian Ban@f顾金刚,姜瑞波著@FGu Jin Gang, Jiang Rui Bo Zhu@g中国农业微生物菌种保藏管理中心编
210    @a北京@c中国农业科学技术出版社@d2012.9
215    @a10, 783页@d26cm
330    @a本目录是中国农业微生物菌种保荐管理中心保藏的部分菌种名录,共497属、1774种、11226株,分为6大类,即:古菌、细菌、放线菌、丝状真菌、酵母菌及大型真菌。
606 0  @a农业@x菌种@x目录@y中国
690    @aS182-63@v5
701  0 @a顾金刚@AGu Jin Gang@4著
701  0 @a姜瑞波@AJiang Rui Bo@4著
712 02 @a中国农业微生物菌种保藏管理中心@AZhong Guo Nong Ye Wei Sheng Wu Jun Zhong Bao Cang Guan Li Zhong Xin@4编
801    @aCN@bTANGWEI@c20130109
905    @b0830701-03@dS182-63@e74@f3
    
    中国农业菌种目录:2012年版/顾金刚,姜瑞波著/中国农业微生物菌种保藏管理中心编.-北京:中国农业科学技术出版社,2012.9
    10, 783页;26cm
    
    
    ISBN 978-7-5116-0885-7:CNY98.00
    本目录是中国农业微生物菌种保荐管理中心保藏的部分菌种名录,共497属、1774种、11226株,分为6大类,即:古菌、细菌、放线菌、丝状真菌、酵母菌及大型真菌。
●
相关链接 在E读中查询图书 在五车中查询图书 在当当中查询图书 在豆瓣中查询图书


正题名:中国农业菌种目录     索取号:S182-63/74         预约/预借

序号 登录号 条形码 馆藏地/架位号 状态 备注
1 0830701   208307018   第二样本阅览室/ [索取号:S182-63/74] 在馆    
2 0830702   208307027   第三借阅区/ [索取号:S182-63/74] 在馆    
3 0830703   208307036   第三借阅区/ [索取号:S182-63/74] 在馆    
唐山师范学院图书馆 欢迎您!
大连网信软件有限公司© 版权所有